| 000 | 00653nam a22002297a 4500 | ||
|---|---|---|---|
| 999 |
_c6451 _d6451 |
||
| 003 | OSt | ||
| 005 | 20200122125019.0 | ||
| 008 | 140725b xxu||||| |||| 00| 0 eng d | ||
| 020 | _a9780618606245 | ||
| 020 | _a0618606246 | ||
| 020 | _a0136158404 | ||
| 040 | _cDDC | ||
| 082 | _a515 LAR 2007. | ||
| 100 |
_aLarson,Ron;Hostetler,Robert;Edwards,H.Bruce; _9763 |
||
| 245 |
_aCalculus: _b Early Transcendentals Functions. |
||
| 250 | _a7th ed. | ||
| 260 |
_aLondon: _bPearson Prentice Hall, _c2008. |
||
| 300 |
_axvii, 1138 p. : _bcol.ill; _c28 cm. |
||
| 504 | _aincludes Appendices, answers and Index | ||
| 650 |
_aCalculus _9764 |
||
| 942 |
_2ddc _cSLOAN |
||